[Event "Interzonal-15"]
[Site "Manila"]
[Date "1990.??.??"]
[Round "8"]
[White "Damljanovic, Branko"]
[Black "Ehlvest, Jaan"]
[Result "1-0"]
[WhiteElo "2515"]
[BlackElo "2655"]
[Annotator "Ftacnik,L"]
[PlyCount "119"]
[EventDate "1990.06.29"]
[EventType "swiss"]
[EventRounds "13"]
[EventCountry "PHI"]
[SourceTitle "CBM 019"]
[Source "ChessBase"]
[SourceDate "1990.12.01"]
[SourceVersion "1"]
[SourceVersionDate "1990.12.01"]
[SourceQuality "1"]

1. Nf3 d5 2. c4 dxc4 3. e3 Nf6 4. Bxc4 e6 5. d4 c5 6. O-O a6 7. Qe2 b5 8. Bb3
Bb7 9. Rd1 Nbd7 10. Nc3 Qb6 11. d5 Nxd5 12. Bxd5 Bxd5 13. Nxd5 exd5 14. Rxd5
Be7 15. e4 Rd8 16. Be3 $1 O-O $6 (16... Qb7 $5 17. Rad1 O-O 18. Qd2 Qa8 19. Qc2
Nf6 20. Rxd8 Rxd8 {0,5/Salov,V-Ivanchuk,V/Linares/1990/ ->CBM 17}) 17. b4 Qc6 {
N} (17... Qe6 18. Rad1 Nf6 19. Rxd8 Rxd8 20. Rxd8+ Bxd8 21. e5 Nd7 22. bxc5
Nxe5 23. Nxe5 Qxe5 24. Qd1 Bc7 25. g3 $16 {Portisch,L-Ribli,Z/Skelleftea WCT/
1989/ ->CBM 14}) 18. Rad1 $1 (18. bxc5 Nxc5 19. Rxc5 Bxc5 20. Rc1 Qxe4 21. Rxc5
Rfe8 $44) 18... Nf6 (18... cxb4 19. Nd4 Qb7 20. Nf5 Nf6 21. Qb2 $1 Rfe8 22. Bg5
$40) 19. Bxc5 Rde8 20. Bxe7 Rxe7 21. Rd6 Qxe4 22. Qxe4 Rxe4 23. a3 Ra8 24. Nd2
$1 Re2 25. Kf1 Rae8 26. h3 h6 (26... R2e6 27. Rxe6 Rxe6 28. Nb3 $16) 27. Rxa6
Nd5 28. Rc6 Nf4 29. Rc3 g5 30. Rf3 R2e5 31. Nb1 Rc8 32. Rc3 Rce8 33. Rf3 Rc8
34. Nc3 Rc4 35. g3 $1 Nxh3 36. Re1 Rxe1+ 37. Kxe1 g4 38. Rd3 Rc6 39. Ke2 $2 (
39. Nxb5 Rc1+ 40. Ke2 Rc2+ 41. Rd2 Rxd2+ 42. Kxd2 Nxf2 43. Nc3 $1 Kf8 (43...
Nh1 44. Ne4 f5 45. b5 $18) 44. Ke3 $18) 39... Rf6 40. Nd1 Kg7 41. Rd5 Rf3 42.
Rxb5 Rxa3 43. Rd5 Rb3 44. b5 Kf6 45. Kd2 Ke6 46. Rc5 Kd6 47. Rh5 Rf3 48. Rxh6+
Kc5 $6 (48... f6 49. Ke2 Kc5 50. Rg6 f5 51. b6 Rb3 52. Rf6 f4 $132) 49. b6 Rb3
50. Rf6 Rxb6 51. Rxf7 Kd4 52. Rg7 (52. Ne3 $1 Rb2+ 53. Ke1 Rb1+ 54. Ke2 Rb2+
55. Kf1 Nxf2 56. Rxf2 Rb1+ 57. Ke2 Rb2+ 58. Ke1 Rb1+ 59. Nd1 $18) 52... Ke5 53.
Rg8 (53. Rxg4 Rd6+ 54. Ke2 Rxd1 $10) 53... Ra6 54. Re8+ Re6 55. Ra8 Rf6 56. Ke2
Rf3 57. Re8+ Kf6 58. Rf8+ Ke5 59. Re8+ Kf6 60. Rg8 {Ftacnik,L} 1-0

[Event "Hamburg HSK"]
[Site "Hamburg"]
[Date "1996.??.??"]
[Round "8"]
[White "Reeh, Oliver"]
[Black "Loeffler, Stefan"]
[Result "0-1"]
[WhiteElo "2420"]
[BlackElo "2410"]
[Annotator "Ftacnik,L"]
[PlyCount "70"]
[EventDate "1996.10.03"]
[EventType "tourn"]
[EventRounds "9"]
[EventCountry "GER"]
[EventCategory "9"]
[SourceTitle "CBM 056"]
[Source "ChessBase"]
[SourceDate "1997.02.01"]
[SourceVersion "1"]
[SourceVersionDate "1997.02.01"]
[SourceQuality "1"]

1. c4 e6 2. Nf3 d5 3. d4 dxc4 4. e3 c5 5. Bxc4 Nf6 6. O-O a6 7. Qe2 b5 8. Bb3
Bb7 9. a4 Nbd7 10. axb5 axb5 11. Rxa8 Qxa8 12. Nbd2 $146 (12. Nc3 b4 13. Nb5)
12... b4 13. Re1 Be7 (13... cxd4 14. exd4 Be7 15. Ne5 Nxe5 (15... Bxg2 $2 16.
Nxf7 Bh3 17. Nf3 $18) 16. dxe5 Nd5 17. Ne4 $14) 14. e4 cxd4 15. Nxd4 Bc5 16.
N2f3 $6 (16. Nb5 O-O $10) 16... O-O (16... Nxe4 17. Be3 Bd5 $15) (16... Bxe4 $5
17. Nxe6 (17. Ng5 Bd5 18. Nb5 O-O $17) 17... fxe6 18. Ng5 Bd5 19. Nxe6 Bxe6 20.
Qxe6+ Kd8 21. Bg5 Rf8 $17) 17. e5 Ng4 18. Rf1 {White admitts with this move,
that his opening concept have failed. Mit diesem Zug gibt Weiß einfach zu, daß
sein Eröffnungskonzept gescheitert ist.} (18. h3 Bxf3 19. Nxf3 Bxf2+ $19) (18.
Nxe6 Bxf2+ 19. Kh1 Bxf3 20. gxf3 Bxe1 21. Nxf8 Kxf8 $19) 18... Qa7 $6 (18...
Bxd4 $1 19. Nxd4 Ngxe5 20. f4 Ba6 21. Nb5 Qc6 22. Ba4 Rb8 $19) 19. Nxe6 $1 fxe6
(19... Ba6 $1 20. Qd2 (20. Qd1 Nxf2 21. Qd5 (21. Rxf2 Bxf2+ 22. Kh1 Rc8 23.
Neg5 Be2 24. Qd2 Qc5 $19) 21... fxe6 22. Qxe6+ Kh8 $19) 20... fxe6 21. Bxe6+
Kh8 22. Bxg4 Nxe5 23. Nxe5 Bxf1 $17) 20. Bxe6+ Kh8 21. Bxg4 Ba6 22. Qxa6 $2 {
Reeh plays under impression, that his game is quite rotten. Reeh spielt unter
dem Eindruck, daß sein Spiel ziemlich miserabel ist.} (22. Qd1 Bxf1 23. Kxf1
Nb8 (23... Nxe5 24. Nxe5 Rxf2+ 25. Ke1 Qe7 26. Qd5 $16) (23... Nb6 24. e6 $14)
24. Qe1 Bxf2 25. Qxb4 (25. Qxf2 Qc7 $17) 25... Bc5 $13) 22... Qxa6 23. Bxd7 Qg6
(23... Bxf2+ 24. Rxf2 (24. Kxf2 Qa7+ 25. Be3 Qxd7 $19) 24... Qa1 25. Rf1 Qa7+
$19) 24. Be3 (24. Ne1 Rxf2 25. Rxf2 Bxf2+ 26. Kxf2 Qf7+ $19) 24... Bxe3 25.
fxe3 Qd3 26. e6 Qxe3+ 27. Kh1 g5 $1 28. h3 (28. Re1 $4 Qxe1+ (28... Rxf3 $19))
28... h5 29. Re1 (29. Ra1 g4 30. Re1 Rxf3 $1 31. Rxe3 Rxe3 $19) 29... Qxe1+ 30.
Nxe1 Rf1+ 31. Kh2 Rxe1 32. h4 $2 (32. Kg3 Kg7 33. h4 Kf6 $17) 32... gxh4 33. b3
(33. Kh3 $2 Rh1#) 33... Kg7 34. Be8 Rxe6 35. Bxh5 Re3 0-1

[Event "RUS-ch"]
[Site "Elista"]
[Date "1996.??.??"]
[Round "4"]
[White "Lugovoi, Aleksei"]
[Black "Makarov, Marat"]
[Result "1/2-1/2"]
[WhiteElo "2500"]
[BlackElo "2560"]
[Annotator "Ftacnik,L"]
[PlyCount "105"]
[EventDate "1996.10.15"]
[EventType "swiss"]
[EventRounds "11"]
[EventCountry "RUS"]
[SourceTitle "CBM 056"]
[Source "ChessBase"]
[SourceDate "1997.02.01"]
[SourceVersion "1"]
[SourceVersionDate "1997.02.01"]
[SourceQuality "1"]

1. d4 {Chekhov} d5 2. c4 dxc4 3. e3 Nf6 4. Bxc4 e6 5. Nf3 c5 6. O-O a6 7. Qe2
b5 8. Bb3 Bb7 9. Rd1 Nbd7 10. Nc3 Qb6 11. d5 Nxd5 12. Nxd5 Bxd5 13. Bxd5 exd5
14. Rxd5 Be7 15. e4 Rd8 (15... Qb7 {Chekhov} 16. Bg5 Nb6 17. Rad1 f6 18. Bf4
O-O 19. R5d2 Rfe8 20. e5 $1 fxe5 21. Qxe5 Bf8 22. Qg5 $36 {Kharitonov,
A-Chekhov,V/Moscow/1989/1|0/43/}) 16. Be3 (16. Bg5 $5 {Chekhov} Bxg5 17. Nxg5
h6 18. Nf3 O-O 19. Rad1 $14 {Shabtai,R-Nikolic,N/Portoroz/1993/0,5/42/}) 16...
Qb7 $5 (16... O-O 17. b4 Qc6 $1 (17... Qe6 18. Rad1 Nf6 19. Rxd8 Rxd8 20. Rxd8+
Bxd8 21. e5 Nd7 22. bxc5 Nxe5 23. Nxe5 Qxe5 24. Qd1 Bc7 25. g3 $16 {Portisch,
L-Ribli,Z/Skelleftea/1989/}) 18. Rad1 $1 Nf6 19. Bxc5 $16 Rde8 $8 20. Bxe7 Rxe7
21. Rd6 Qxe4 22. Qxe4 Rxe4 23. a3 Ra8 24. Nd2 $1 Re2 25. Kf1 $16 {Damljanovic,
B-Ehlvest,J/Manila (izt) 49/457 1990/1-0 (60)}) (16... Qe6 17. a4 $1 Qxe4 18.
Rad1 $18) 17. Bg5 {N/} (17. Rad1 O-O 18. Qd2 Qa8 19. Qc2 Nf6 (19... Nb6 {
Chekhov} 20. Rxd8 Rxd8 21. Rxd8+ Qxd8 22. b3 Qd6 $10 {Aseev,K-Lugovoi,A/St
Petersburg/1993/0,5/29/}) 20. Rxd8 Rxd8 {1/2-1/2 Salov,V-Ivanchuk,V/Linares/
1990/}) (17. a4 $5) 17... f6 (17... Bxg5 {Chekhov} 18. Nxg5 h6 19. Nf3 Nb6 (
19... O-O $2 20. Rad1 Qc7 21. Qd2 $18) 20. Rxd8+ Kxd8 21. Qd2+ Kc8 22. Qc3 $16)
18. Be3 O-O 19. a4 (19. Rad1 Rfe8 20. Qd2 Nf8 21. Bxc5 Rxd5 22. Qxd5+ Qxd5 23.
Rxd5 Bxc5 24. Rxc5 Rxe4 $10) 19... bxa4 (19... Rfe8 20. axb5 axb5 21. Rad1) (
19... Nb6 $2 {Chekhov} 20. Rxd8 Rxd8 21. axb5 axb5 22. Qxb5 $18) (19... b4 {
Chekhov} 20. Rad1 Nb6 21. Rxd8 Rxd8 22. a5 $16) 20. Rxa4 Rb8 (20... Nb6 {
Chekhov} 21. Rxd8 Rxd8 22. Rxa6 $16) 21. Rxa6 (21. Qxa6 $2 Nb6 $1) (21. h3 $4 {
Chekhov} Nb6 $19) 21... Qxb2 22. Rd2 (22. Qd1 Qb7 23. Ra1 Nb6 $10) (22. Qxb2 {
Chekhov} Rxb2 23. h3 Nb6 24. Rd1 Kf7 $13) 22... Qb5 23. Qxb5 Rxb5 24. Kf1 {
The position is rather simplified, but white hopes to win Pc5. Die Stellung
ist ziemlich vereinfacht, Weiß hofft Pc5 zu gewinen.} (24. Rxd7 $4 Rb1+) 24...
Rb7 (24... Nb6 {Chekhov} 25. Ra7 Kf7 26. Rb7 $36) 25. Rc2 Kf7 26. Nd2 Ne5 27.
Ke2 (27. Bxc5 $2 Rc8) 27... Rc8 (27... Rd8 $5) 28. Ra4 Rd8 29. f4 (29. Bxc5 $2
Rc8 $17) 29... Nc6 $5 (29... Nd7 30. Nc4 $14) (29... Ng4 {Chekhov} 30. Bg1 $16)
30. Nf3 (30. Bxc5 Bxc5 31. Rxc5 Nd4+ 32. Ke3 Nb3 33. Rd5 Rxd5 34. exd5 Re7+ 35.
Re4 Nxd2 36. Rxe7+ Kxe7 37. Kxd2 Kd6 $10) 30... Rb4 31. Rxb4 Nxb4 32. Rc3 Rc8 (
32... Na2 33. Rc4 Rc8 34. Nd2 Nb4 35. Nb3 Na6 36. g4 $14) 33. Nd2 Nc6 34. Nb3
Nd8 $1 35. Nxc5 (35. Bxc5 $2 Ne6 36. Bb4 Nxf4+ $10) 35... Bxc5 (35... Ne6 36.
Na4 Ra8 37. Nb6 $16) 36. Rxc5 Rxc5 37. Bxc5 Ne6 38. Be3 g6 39. Kd3 (39. f5 $5
gxf5 (39... Ng7 {Chekhov} 40. g4 h5 41. h3 hxg4 42. hxg4 gxf5 43. exf5 Ne8 44.
Bf4 Ng7 (44... Ke7 $1 45. Kd3 Kd7 46. Kc4 Kc6 47. Kd4 Ng7) 45. Kd3 Ne8 46. Kd4
Ng7 47. Kd5 Ne8 48. Kc6 Ng7 49. Kd7 Ne8 50. Bh6 $18) 40. exf5 Nc7 (40... Ng7
41. g4 h5 42. Kf3 $16) 41. g4 Nd5 $14) 39... f5 $1 {Black builds the fortress
on white squares. Schwarz baut eine Festung auf weißen Feldern auf.} 40. exf5 (
40. e5 Ng7 $10) (40. h3 {Chekhov} h5 41. exf5 gxf5 $10) 40... gxf5 41. Kc4 Nc7
42. Bb6 Ne6 43. g3 h5 44. h4 (44. Kd5 h4 45. Ke5 hxg3 46. hxg3 Ng7 47. Bc5 Kg6
$10) 44... Nf8 45. Kd5 Ng6 46. Bd8 Nh8 47. Ke5 Kg6 48. Ke6 Nf7 49. Bg5 Nh8 $8 (
49... Nxg5+ $4 50. hxg5 $18) 50. Be7 Nf7 51. Bf8 Nd8+ 52. Kd7 Nf7 53. Ke7 (53.
Ke7 Nh8 54. Ke6 Nf7 $10) 1/2-1/2

[Event "World U20-ch22"]
[Site "Belfort"]
[Date "1983.08.15"]
[Round "4"]
[White "Georgiev, Kiril"]
[Black "Dlugy, Maxim"]
[Result "1-0"]
[WhiteElo "2410"]
[BlackElo "2450"]
[Annotator "Georgiev,K/Primel D"]
[PlyCount "79"]
[EventDate "1983.08.12"]
[EventType "swiss"]
[EventRounds "13"]
[EventCountry "FRA"]
[SourceTitle "EXT 2004"]
[Source "ChessBase"]
[SourceDate "2003.11.25"]
[SourceVersion "1"]
[SourceVersionDate "2003.11.25"]
[SourceQuality "1"]
[TimeControl "40/9000:16/5400:0"]

1. d4 {Georgiev: "C'est après cette 04ème ronde que j'ai compris que je
pouvais gagner le tournoi".} d5 2. c4 dxc4 3. Nf3 Nf6 4. e3 e6 5. Bxc4 c5 6.
O-O a6 7. Qe2 {[%cal Gf1d1]} (7. Bb3 b5 8. a4 b4 9. e4 $1 Bb7 (9... Nxe4 $6 10.
d5 $36 {[%csl Re8]}) 10. Nbd2) 7... b5 (7... Nc6 8. dxc5 $1 Bxc5 9. e4 $36 b5
10. Bb3 e5 11. Be3 $1 $14) 8. Bb3 (8. Bd3 $143 cxd4) 8... Bb7 9. Rd1 (9. Nc3) (
9. a4 Nbd7 10. axb5 axb5 11. Rxa8 Qxa8 12. Nc3 b4 13. Nb5 Qb8 14. e4 cxd4 15.
Nbxd4 $14 {Miles,A (2570)-Huebner,R (2620) Interpolis Tilburg 1986 (4) 1/2-1/2}
) 9... Be7 (9... Nbd7 {La grande ligne}) 10. Nc3 (10. dxc5 $5 {[%cal Gd1d8]
Profitant du fait que les Noirs ont joué trés tôt le Bf8} Qc7 11. a4 b4 12. e4
(12. Bc4 {Bergqvist,A-Shainswit,G Dubrovnik ol (Men) 1950 (10) 1/2-1/2}) 12...
Nxe4 13. Be3 Nxc5 14. Bxc5 Qxc5 15. Nbd2 Nd7 16. Rac1 Qf5 17. Bc2 Qf4 18. g3
Qg4 $13) 10... O-O 11. e4 $1 b4 (11... cxd4 12. Nxd4 $32 {[%cal Gd1d8] ;
Ftacnik,L (2540)-Zaltsman,V (2430) New York op 1987 1-0}) (11... Nc6 12. d5 (
12. e5 Nd5 13. Nxd5 exd5 14. dxc5 Bxc5 15. Bxd5 Nd4 16. Rxd4) 12... exd5 13.
exd5 Na5 (13... Nd4 14. Nxd4 cxd4 15. Rxd4 Bd6) 14. Bc2 Rc8) (11... Nbd7) 12.
d5 $1 {[%cal Gd1d8]} bxc3 13. dxe6 {[%cal Gd1d8]} Qb6 (13... cxb2 14. Bxb2 $40)
14. e5 (14. exf7+ Kh8 15. e5) 14... Ne4 15. exf7+ Kh8 16. e6 $40 {[%csl Ge6,
Gf7] Le futur Champion du Monde connait ses classiques et il suit une vieille
partie} Bf6 $146 (16... Qc7 17. Bc2 Qc6 18. Re1 Qxe6 19. Bxe4 Bxe4 20. Qxe4
Qxe4 21. Rxe4 Nc6 22. bxc3 {1-0 Kluger,G-Furman,S/Leningrad 1957/EXT 2001}) 17.
Ne5 $3 {[%cal Ge2h5,Ge5g6]} Qc7 $2 (17... Bxe5 18. e7 Bxh2+ $1 19. Kh1 (19.
Kxh2 Qc7+ {[%cal Gc7e7]}) 19... Nd7 20. Kxh2) (17... c4 $5 18. Ng6+ hxg6 19.
Bxc4 $44) 18. Ng6+ $3 hxg6 19. Rd3 $40 {[%cal Gd3h3]} Ng5 20. Bxg5 Bxg5 21. e7
$1 Nc6 (21... Qxe7 22. Qxe7 Bxe7 23. Rh3+) 22. e8=Q cxb2 23. Qxb2 (23. Rh3+)
23... Nd4 24. Rh3+ Bh6 25. Qe3 Kh7 26. Qbc1 {[%cal Gh3h6]} Nf5 {L'américain
aurait pu s'abstenir de continuer la partie} 27. Qexc5 Qd8 28. Qe1 Qg5 29. Rg3
Qf4 30. Qce5 Qh4 31. Rxg6 $1 Kxg6 32. Be6 Qg5 33. g3 Qf6 34. g4 Qxe5 35. Qxe5
Ne7 36. Bf5+ Kxf7 37. Qe6+ Ke8 38. Bg6+ Kd8 39. Rd1+ Nd5 40. Qd6+ 1-0

[Event "San Francisco"]
[Site "San Francisco"]
[Date "1995.??.??"]
[Round "7"]
[White "Huebner, Robert"]
[Black "Waitzkin, Joshua"]
[Result "1/2-1/2"]
[WhiteElo "2620"]
[BlackElo "2435"]
[Annotator "Hansen,LB"]
[PlyCount "79"]
[EventDate "1995.??.??"]
[EventType "game"]
[EventCountry "ARG"]
[SourceTitle "CBM 046"]
[Source "ChessBase"]
[SourceDate "1995.06.01"]
[SourceVersion "1"]
[SourceVersionDate "1995.06.01"]
[SourceQuality "1"]

1. d4 Nf6 2. Nf3 d5 3. c4 dxc4 4. e3 e6 5. Bxc4 c5 6. O-O a6 7. Qe2 b5 8. Bb3
Bb7 9. a4 Nbd7 10. axb5 axb5 11. Rxa8 Qxa8 12. Nc3 b4 13. Nb5 Qa5 {The old
main line,but it has been considered better for White since Meister,Y-Ivanov,V/
URS/1991/} (13... Qb8 {14.e4! Huebner,R-Georgiev,Ki/Moscow olm/1994/1-0/; CBM
45} 14. Bc4 {Korschnoj-De la Villa /Pamplona9495/1/2-1/2/51/ ;CBM46}) (13...
Bxf3 $5 {Probably best move.} 14. gxf3 $1 {In my opinion stronger than 14.Qf3
cf. analysis in Huebner-Georgiev/Moscow oom/1994/ :CBM 45..} Qb8 15. Rd1 (15.
f4 $5 Be7 16. e4 Nb6 17. d5 $36 c4 $6 18. Bxc4 exd5 19. exd5 Nxc4 20. Qxc4 O-O
21. Nd4 $16 {Djurhuus,R-Degerman,L/Reykjavik zt/1995/}) 15... Be7 16. e4 O-O
$146 (16... cxd4 17. Nxd4 Bd6 {Yusupov,A -Anand,W/Las Palmas/1993/} 18. h3 O-O
19. Qb5 $14 {Anand}) 17. e5 Nd5 18. Bxd5 exd5 19. dxc5 Nxe5 20. Bf4 Nxf3+ 21.
Qxf3 Qxb5 22. Bd6 $1 Bxd6 23. cxd6 Re8 24. Rxd5 $14 {Piket,J-Lautier,J/Monaco
(blind)/1995.The strong d6-pawn ties Black up.}) 14. e4 Be7 15. e5 Ne4 16. Rd1
$1 (16. Bc2 Bc6 17. Bxe4 Qxb5 $1 18. Qc2 c4 19. Bg5 Bxe4 20. Qxe4 Bxg5 21. Nxg5
h6 22. Qa8+ Nb8 23. Nf3 O-O $15 {Uhlmann,W-Benko,P/Buenos Aires/1960/ The
queen-side majority gives Black the better chances.}) 16... cxd4 17. Nfxd4 O-O
(17... Nec5 18. Bg5 $1 Ba6 (18... Bxg5 $2 19. Nd6+ Kf8 $8 (19... Ke7 20. Nxb7
Nxb7 $2 21. Nc6+ $18) 20. Qh5 Nxe5 21. Qxg5 Nxb3 (21... f6 22. Qe3 $16) 22.
Nxb7 (22. Nxb3 $4 Nf3+ $19) 22... Qc7 (22... Qd5 23. Nxe6+ $1 $18) (22... Nf3+
23. Nxf3 $18) 23. Nxb3 $18) 19. Bxe7 Bxb5 20. Bc4 Kxe7 21. Bxb5 Nb8 $8 22. Qe3
$16 {Antunes,A-Garcia Palermo,C/Benasque/1993/}) 18. Nxe6 $1 fxe6 19. Rxd7 (19.
Bxe6+ Kh8 20. Rxd7 Rxf2 (20... Bc5 $2 21. Qg4 $1 Bxf2+ 22. Kh1 g6 23. Rxh7+ $1
Kxh7 24. Qh3+ $18) 21. Rxe7 $1 Qd8 $1 (21... Rxe2 $2 22. Re8#) 22. Rd7 $2 (22.
Qxf2 $1 Nxf2 23. Rd7 $1 Qb6 24. Be3 $1 Nh3+ 25. Kh1 Qxe6 26. Rd8+ Qg8 27. Rxg8+
Kxg8 28. e6 $18 {Langeweg}) 22... Qb6 $1 23. Qe3 Re2 $1 24. Rd8+ $8 Qxd8 25.
Qxe2 Qb6+ 26. Be3 Qxe6 $14 {Meister,Y-Ivanov,V/SU/1991/ 19.-,Qa1 is Waitzkins
attempt at improvement, but I don`t think it saves the variation for Black
despite the relative succes in this game.}) 19... Qa1 20. Bxe6+ Kh8 21. Rxe7 $2
(21. Qc2 $1 Bc5 (21... Bg5 22. Rxb7 (22. Rd1 Rxf2 23. Bxg5 Rxc2 24. Rxa1 Nxg5
25. Bh3 $14) 22... Bxc1 23. Ra7 $1 Qxb2 24. Qxb2 Bxb2 25. Bf5 $1 $16) (21...
Bh4 22. Rxb7 $16 {see 21-,Bc5.22.Rb7.}) (21... Rc8 22. Rc7) 22. Rxb7 $1 (22.
Nd4) 22... Bxf2+ 23. Kh1 (23. Kf1 $5) 23... Be3 24. Rf7 $1 Nf2+ 25. Kg1 $5 (25.
Qxf2 $2 Qxc1+ $19) (25. Rxf2 $5 Bxf2 26. Nd6 $16) 25... Nd3+ 26. Kf1 Rxf7+ 27.
Bxf7 Qxc1+ 28. Qxc1 Bxc1 29. e6 Bg5 30. b3 $16 {Conclusion: 21.Qc2! looks good
for White.}) 21... Qxc1+ 22. Qf1 Qxf1+ 23. Kxf1 Ba6 $1 24. Bd7 Rxf2+ 25. Ke1 g6
$1 26. Re6 $1 (26. e6 $6 {Dangerous because of X Ke1.} Rxb2 27. Re8+ (27. Rf7
Rb1+ 28. Ke2 Nc3+ $1 (28... Bxb5+ $6 29. Bxb5 Nc3+ 30. Kd3 $1 Nxb5 31. e7 Nd6
32. Rf6 $1 Re1 33. Rxd6 Rxe7 34. Rb6 $10) 29. Kd2 (29. Kd3 Nxb5 $17) 29... Bxb5
30. Bxb5 Nxb5 31. e7 Nd6 $1 32. Rf8+ (32. Rf6 $4 Ne4+ $19) 32... Kg7 33. Rd8
Kf7 $17) 27... Kg7 28. e7 Kf7 $1 $17 {X e7;Ke1}) 26... Bxb5 27. Bxb5 Rxb2 28.
Rb6 $1 {The rook behind the passed pawn!} Rb1+ 29. Ke2 Nc3+ 30. Kd3 Nxb5 31.
Rxb5 Kg8 $10 32. Kc4 (32. Rb7 b3 33. e6 Re1 $10) 32... Kf7 33. Kd5 (33. Rxb4
Rxb4+ 34. Kxb4 Ke6 35. Kc4 Kxe5 36. Kd3 Kf4 37. Ke2 $10) 33... Rd1+ 34. Ke4 Rd2
35. g4 Rxh2 36. Rxb4 Rg2 37. Rb7+ Ke6 38. Rb6+ Kf7 39. Kf4 h5 40. gxh5 1/2-1/2

[Event "Groningen"]
[Site "Groningen"]
[Date "1995.??.??"]
[Round "5"]
[White "Sokolov, Ivan"]
[Black "Van Wely, Loek"]
[Result "1/2-1/2"]
[WhiteElo "2630"]
[BlackElo "2585"]
[Annotator "Hansen,LB"]
[PlyCount "91"]
[EventDate "1995.12.??"]
[EventType "tourn"]
[EventRounds "11"]
[EventCountry "NED"]
[EventCategory "17"]
[SourceTitle "CBM 051"]
[Source "ChessBase"]
[SourceDate "1996.04.01"]
[SourceVersion "1"]
[SourceVersionDate "1996.04.01"]
[SourceQuality "1"]

1. d4 d5 2. c4 dxc4 3. e3 Nf6 4. Bxc4 e6 5. Nf3 c5 6. Qe2 $5 {The interesting
Furman-variation.} a6 7. dxc5 Bxc5 8. O-O (8. e4 b5 9. Bb3 Bb7 10. Bc2 Nbd7 11.
O-O Qb8 $5 12. Nbd2 O-O 13. e5 Ng4 14. Ne4 Ngxe5 15. Bf4 Nxf3+ 16. Qxf3 Qa7 17.
Qh3 $40 {Sadler,M-Brunner/Bern/1996/}) 8... Nc6 (8... Qc7 9. e4 Ng4 10. e5 Nxf2
11. Nc3 $1 {Sokolovs novelty!} Ne4+ (11... b5 12. Bb3 Ne4+ 13. Kh1 Nxc3 14.
bxc3 h6 15. Nd4 Qe7 16. Qg4 g6 17. Be3 h5 18. Qh3 Ra7 19. Rf6 O-O 20. Raf1 $40
{Sokolov,I-Georgiev,K/Tilburg rapid/1994/}) 12. Kh1 Nxc3 13. bxc3 Be7 (13...
Nd7 $5 14. Ng5 Qxe5 15. Qh5 g6 16. Qf3 Qg7 17. Nxf7 O-O 18. Bh6 Qxf7 19. Qxf7+
Rxf7 20. Bxe6 Ne5 21. Bd5 Bf5 22. h3 $13 {Ryan,J-O`Cinneeide,M/Dublin/1995/})
14. Ng5 Bxg5 15. Bxg5 Nc6 16. Qh5 h6 17. Rad1 $16 Rf8 18. Bh4 Bd7 19. Rd6 Nxe5
20. Qxe5 Qxc4 21. Rfd1 Qxh4 22. Rxd7 Rc8 23. Rxb7 {1-0/Sokolov,
I-Brenninkmeijer,J/Amsterdam ch-NL/1995/}) (8... Nbd7 9. e4 b5 10. Bd3 Bb7 11.
a4 bxa4 12. Nc3 $1 O-O (12... a3 $5 13. bxa3 O-O 14. Rb1 Bc6 15. Bf4 Qa5 16.
Rfc1 e5 $1 17. Bd2 Rfb8 $10 {Bagaturov-Brunner,L/Biel izt/1993/}) 13. Rxa4 a5
14. e5 $1 Bxf3 15. gxf3 Nd5 16. Nxd5 exd5 17. Rg4 $40 {Sokolov,I-van Wely,L/
Wijk aan Zee/1996/}) 9. e4 b5 10. Bb3 Nd4 $5 {An interesting new move, which
in this game equalizes easily. However, why did van Wely not repeat it two
weeks later in Wijk aan Zee in a new game against Sokolov?!} 11. Nxd4 Qxd4 12.
Nc3 (12. e5 Qe4 $1 $10) 12... Qe5 $1 13. Be3 (13. Kh1 b4 $13) 13... Bxe3 14.
Qxe3 Ng4 15. Qh3 h5 $10 16. Rae1 Bb7 17. Qg3 Qxg3 18. hxg3 Ne5 19. f4 Nd3 20.
Re3 Nc5 21. Bc2 b4 22. Na4 Nxa4 23. Bxa4+ Ke7 24. Bd1 Rac8 25. a3 Rc4 26. Bf3
Rd8 27. b3 Rcd4 28. axb4 Rxb4 29. Ra1 Rdd4 $6 (29... g6 $10) (29... Rd2 $5) 30.
Bxh5 g6 31. Bf3 (31. Be2 Rxe4 32. Rxe4 Rxe4 33. Bxa6 Bxa6 34. Rxa6 Re3 $10)
31... Bxe4 32. Rxa6 Bxf3 33. Rxf3 Rd1+ 34. Kh2 Rb7 $1 $14 35. g4 Rb1 36. Ra3
Re1 37. g5 e5 $1 38. g3 Ke6 39. Ra6+ Kf5 $1 40. Rf6+ Kg4 41. fxe5 Re2+ 42. Kg1
(42. Rf2 Rxf2+ 43. Rxf2 Rxb3 44. Rf4+ (44. Rxf7 Rb2+) 44... Kxg5 45. Rxf7 Re3
$10) 42... Rxe5 $10 43. R6f4+ Kxg5 44. Rxf7 Rxf7 45. Rxf7 Re3 46. Kf2 1/2-1/2

[Event "RUS-ch 54th"]
[Site "Elista"]
[Date "2001.05.08"]
[Round "8"]
[White "Korobov, Ilya"]
[Black "Makarov, Marat"]
[Result "0-1"]
[WhiteElo "2347"]
[BlackElo "2511"]
[Annotator "Huzman,A"]
[PlyCount "80"]
[EventDate "2001.04.29"]
[EventType "swiss"]
[EventRounds "9"]
[EventCountry "RUS"]
[SourceTitle "CBM 083"]
[Source "ChessBase"]
[SourceDate "2001.07.05"]
[SourceVersion "1"]
[SourceVersionDate "2001.07.05"]
[SourceQuality "1"]

1. d4 d5 2. c4 dxc4 3. Nf3 e6 4. e3 c5 5. Bxc4 a6 6. O-O Nf6 7. Qe2 b5 8. Bb3
Bb7 9. a4 b4 10. Rd1 Be7 11. Nbd2 Nbd7 12. e4 (12. Nc4 Qc7 13. Bd2 O-O 14. Be1
$11) 12... cxd4 13. e5 Nd5 14. Ne4 $6 (14. Nc4 $1 Nc5 15. Nxd4 Nxb3 (15... O-O
16. Bc2 $36) 16. Nxb3 O-O (16... Rc8 17. Nba5 Ba8 18. Be3 (18. Qg4)) 17. Nba5
Qc7 18. Nxb7 Qxb7 19. Qg4 $36) 14... Qc7 15. Ng3 (15. Bxd5 $142 Bxd5 16. Bf4
Qb7 17. Rxd4 Nc5 $15) 15... d3 $1 (15... Nc5 16. Nxd4 Nxb3 17. Nxb3 Rc8 18. Bd2
$11) 16. Rxd3 (16. Qxd3 Nxe5 17. Nxe5 Qxe5 $17) 16... Nc5 17. Bc4 Nxd3 18. Bxd3
h6 $17 {/-+} 19. h4 g6 20. Bd2 Kf8 $1 21. Rc1 Qb6 22. Ne4 a5 {[%cal Yb7a6]} 23.
Bb1 Ba6 24. Qe1 Kg7 $19 25. g4 Rac8 26. Rxc8 Rxc8 27. h5 g5 28. Nexg5 Bxg5 (
28... hxg5 29. Qe4 Rh8 30. Nxg5) 29. Nxg5 Qd4 $5 30. Ne4 (30. Qe4 Qxe4 31. Nxe4
Be2 32. Nd6 Rg8 33. Be4 Bxg4 34. Nc4 Ra8 $19) 30... Qxe5 31. g5 hxg5 32. h6+
Kh8 33. Qd1 Nf4 34. Ng3 Ne2+ 35. Kh2 Nxg3 36. fxg3 Qe2+ 37. Qxe2 Bxe2 38. Bxg5
f5 39. Kg2 Kh7 40. Kf2 Bd1 0-1